| 000 | 00686nam a22002057a 4500 | ||
|---|---|---|---|
| 003 | OSt | ||
| 005 | 20251027034358.0 | ||
| 008 | 251027b |||||||| |||| 00| 0 eng d | ||
| 020 | _a978-1-4129-2834-2. | ||
| 040 |
_aDWCL-Main lib _cOC |
||
| 082 | _aCirc. 658.406 B919p 2008 | ||
| 100 | _aBuchanan, David A. | ||
| 245 |
_aPower, politics and organizational change : _bwinning the turf game 2nd ed. |
||
| 260 |
_aLondon : _bSage Pub., Ltd., _cc2008. |
||
| 300 |
_axxiv, 350 pages : _billustration ; _c23 cm. |
||
| 504 | _aIncludes bibliographical references and index. | ||
| 650 | _21. Organizational change. | ||
| 700 | _aBadham, Richard A. | ||
| 942 |
_2ddc _cBK-CIRC _e2nd ed. _kCirc. _n0 |
||
| 999 |
_c5150 _d5150 |
||